| 000 | 00673cam a22002531 4500 | ||
|---|---|---|---|
| 001 | ne 66000761 | ||
| 003 | DLC | ||
| 005 | 20260227111822.0 | ||
| 008 | 890227s1965 xx 000 0 ara | ||
| 010 | _ane 66000761 | ||
| 035 | _a(OCoLC)23485186 | ||
| 040 |
_aDLC _cMiU _dDLC |
||
| 042 | _apremarc | ||
| 050 | 0 | 0 |
_aPJ8040 _b.I92 |
| 100 | 2 | _aʻIzz al-Dīn, Yūsuf. | |
| 245 | 1 | 3 | _aal-Shiʻr al-ʻIrāqī al-ḥadīth. |
| 260 | _c1965 | ||
| 300 |
_a287 p. _c24 cm. |
||
| 490 | 1 |
_a# _v35 |
|
| 500 | _aAt head of title: # | ||
| 504 | _aBibliography : p. 277-285. | ||
| 650 | 0 |
_aArabic poetry _zIraq _xHistory and criticism |
|
| 830 | 0 |
_aMaktabah al-ʻArabīyah ; _v35. |
|
| 999 |
_c48816 _d48816 |
||